000 00312nam a22001337a 4500
020 _a978-81-7233-505-2
041 _aENG
100 _aTarafdar.J.C
245 _aOrganic Agriculture
260 _aNew Delhi
_bScientific Pub
_c2012
300 _a369
650 _aAgricultural
856 _uAgricultural ( 19 )
999 _c2193
_d2193